Química
Gespeichert in:
| 1. Verfasser: | |
|---|---|
| Weitere Verfasser: | |
| Format: | keine Angabe |
| Sprache: | Spanisch |
| Erschienen: |
Zaragoza
s n (Talleres editoriales del Heraldo de Aragón)
1934
|
| Ausgabe: | 6a ed. |
| Katalog: | MANES: Suchergebnis im Bibliothekskatalog |
| Schulbuchspezifische Eigenschaften: |
|
| Tags: |
Tag hinzufügen
Keine Tags, Fügen Sie den ersten Tag hinzu!
|
| Hinzugefügt zu: | 26.04.2016 |
| Geändert in: | 30.01.2026 |
MARC
| LEADER | 000000000a22000000004500 | ||
|---|---|---|---|
| 001 | 35315 | ||
| 003 | OSt | ||
| 005 | 20260130095426.0 | ||
| 008 | 160427s sp ||||| |||| 00| 0 spa d | ||
| 040 | |a manes |c manes | ||
| 041 | |a Español | ||
| 100 | 1 | |a Calamita, Gonzalo, pr. |9 20949 | |
| 690 | |a FQ | ||
| 700 | 1 | |a Moreno Alcañiz, Emilio |9 20948 | |
| 245 | 0 | 0 | |a Química |
| 250 | |a 6a ed. | ||
| 260 | 3 | |a Zaragoza |b s n (Talleres editoriales del Heraldo de Aragón) |c 1934 | |
| 300 | |a XV, 358 p. |c 22 cm | ||
| 500 | |a Signatura: T24/23. Enc. tela. Dedicatoria ms. del autor a Vicente Aleixandre, 1935. | ||
| 691 | 0 | |a SE | |
| 942 | |2 ddc |c BK | ||
| 546 | |a España | ||
| 999 | |c 42313 |d 42313 | ||
| 999 | |c manes:42313 |d 42313 | ||